000 00380nam a2200157Ia 4500
008 151213s9999 xx 000 0 und d
100 _aM. H. Abrams
245 _aThe Poetry & Prose
_cM. H. Abrams
250 _a1st
260 _aNew York
_bAppleton Century Crafts
_c1954
300 _a4530 p.
650 _aEnglish
650 _aPoets
700 _aM. H. Abrams
999 _c2905
_d2905